000 00651nam a2200205 4500
999 _c3122
_d3122
003 OSt
005 20191107173959.0
008 160301b xxu||||| |||| 00| 0 eng d
020 _a 0850927528; 978-0850927528
040 _c040a
082 _a305.3
_bKAB 2003
100 _aKabeer, Naila
_96931
245 _aGender Mainstreaming in Poverty Eradication and the Millennium Development Goals:
_ba handbook for policy makers and other stake holders
260 _aOttawa;
_bIDRC,
_c2003
300 _axix, 245p;
_bill :
_c25 cm
504 _aincludes index
650 _aPoverty eradication
_98
650 _aGender studies
_913030
942 _2ddc
_cSLOAN